Kỹ thuật trồng cây ăn quả : Hiệu quả kinh tế cao ( cây lê, cây mận, cây đào ăn quả )
Enregistré dans:
| Format: | Livre |
|---|---|
| Langue: | Undetermined |
| Publié: |
H.
LĐXH
2002
|
| Sujets: | |
| Tags: |
Ajouter un tag
Pas de tags, Soyez le premier à ajouter un tag!
|
| Thư viện lưu trữ: | Trung tâm Học liệu Trường Đại học Cần Thơ |
|---|
| LEADER | 00510nam a2200169Ia 4500 | ||
|---|---|---|---|
| 001 | CTU_57130 | ||
| 008 | 210402s9999 xx 000 0 und d | ||
| 020 | |b 6000 | ||
| 082 | |a 634 | ||
| 082 | |b K600/T2 | ||
| 245 | 0 | |a Kỹ thuật trồng cây ăn quả : Hiệu quả kinh tế cao ( cây lê, cây mận, cây đào ăn quả ) | |
| 260 | |a H. | ||
| 260 | |b LĐXH | ||
| 260 | |c 2002 | ||
| 650 | |a fruit trees | ||
| 650 | |x planting | ||
| 980 | |a Trung tâm Học liệu Trường Đại học Cần Thơ | ||